Catálogo
 En Linea

Autonomismo y centralismo / (Registro nro. 33441)

Detalles MARC
000 -CABECERA
campo de control de longitud fija 00790nam a2200217 a 4500
001 - NÚMERO DE CONTROL
campo de control 000033950
005 - FECHA Y HORA DE LA ÚLTIMA TRANSACCIÓN
campo de control 20200930070641.0
008 - DATOS DE LONGITUD FIJA--INFORMACIÓN GENERAL
campo de control de longitud fija 110914s2010 ag 000 0 spa d
020 ## - NÚMERO INTERNACIONAL ESTÁNDAR DEL LIBRO
Número Internacional Estándar del Libro 9789871696048
040 ## - FUENTE DE LA CATALOGACIÓN
Centro catalogador/agencia de origen DO-SdBNP
Lengua de catalogación spa
Centro/agencia transcriptor BNPHU
082 ## - NÚMERO DE LA CLASIFICACIÓN DECIMAL DEWEY
Número de clasificación 321
Número de documento/Ítem A367a
100 1# - ENTRADA PRINCIPAL--NOMBRE DE PERSONA
Nombre de persona Alem, Leandro N.
9 (RLIN) 59407
245 10 - MENCIÓN DE TÍTULO
Título Autonomismo y centralismo /
Mención de responsabilidad, etc. Leandro N. Alem.
260 ## - PUBLICACIÓN, DISTRIBUCIÓN, ETC.
Lugar de publicación, distribución, etc. Buenos Aires, Argentina :
Nombre del editor, distribuidor, etc. Comisión Nacional Protectora de Bibliotecas Populares,
Fecha de publicación, distribución, etc. 2010.
300 ## - DESCRIPCIÓN FÍSICA
Extensión 253 p. ;
Dimensiones 23 cm.
490 1# - MENCIÓN DE SERIE
Mención de serie Biblioteca popular del bicentenário. Série décadas
Designación de volumen o secuencia 2
650 #4 - PUNTO DE ACCESO ADICIONAL DE MATERIA--TÉRMINO DE MATERIA
Término de materia o nombre geográfico como elemento de entrada Gobierno federal
Subdivisión geográfica Argentina
9 (RLIN) 59408
651 #4 - PUNTO DE ACCESO ADICIONAL DE MATERIA--NOMBRE GEOGRÁFICO
Nombre geográfico Argentina
Subdivisión general Historia
9 (RLIN) 18482
830 #0 - PUNTO DE ACCESO ADICIONAL DE SERIE-TÍTULO UNIFORME
Título uniforme Biblioteca popular del bicentenário. Série décadas
Designación de volumen o secuencia 2
9 (RLIN) 59409
910 ## - DATOS DE OPCIÓN DEL USUARIO (OCLC)
Datos de opción del usuario Validado. Control de calidad MFF
Existencias
Estado de retiro Estado de pérdida Restricciones de uso No para préstamo Código de colección Localización permanente Ubicación/localización actual Ubicación en estantería Fecha de adquisición Número de inventario Total de préstamos Signatura topográfica completa Código de barras Fecha visto por última vez Precio válido a partir de Tipo de ítem Koha
      Excluido de préstamo Monografías: Libros y Folletos General General Depósito 14.09.2011 LF1   321 A367a 33950-10 25.06.2020 25.06.2020 No se presta

Con tecnología Koha